Vývoj na Bratislavskej opčnej burze za sedem mesiacov roka
Údaje o počte zobchodovaných akcií a finančnom obrate za január až júl 1994. Najúspešnejšie cenné papiere na BOB (spoločnosť, objem obchodov, finančný obrat, podiel na celkovom obrate).
Gespeichert in:
| 1. Verfasser: | |
|---|---|
| Format: | Buchkapitel |
| Sprache: | Slowakisch |
| Schlagworte: | |
| Tags: |
Keine Tags, Fügen Sie das erste Tag hinzu!
|
MARC
| LEADER | 00000naa a2200000 4500 | ||
|---|---|---|---|
| 001 | r015878 | ||
| 005 | 20221205091430.9 | ||
| 041 | 0 | |a slo | |
| 044 | |a SK | ||
| 245 | 1 | 0 | |a Vývoj na Bratislavskej opčnej burze za sedem mesiacov roka |c A. Legéň |
| 520 | |a Údaje o počte zobchodovaných akcií a finančnom obrate za január až júl 1994. Najúspešnejšie cenné papiere na BOB (spoločnosť, objem obchodov, finančný obrat, podiel na celkovom obrate). | ||
| 610 | 2 | 0 | |a BOB Bratislava |
| 610 | 2 | 0 | |a burzy |
| 610 | 2 | 0 | |a Slovensko |
| 610 | 2 | 0 | |a trh kapitálový |
| 610 | 2 | 0 | |a 1994 |
| 610 | 2 | 0 | |a január-júl |
| 610 | 2 | 0 | |a obchody burzové |
| 610 | 2 | 0 | |a spoločnosti akciové |
| 100 | 1 | |a Legéň, A. | |